| 000 | 00786cam a2200229 4500 | ||
|---|---|---|---|
| 001 | WB3606-15 | ||
| 008 | 000000n2000 000 0 eng u | ||
| 035 | _a(Sirsi) u104112 | ||
| 245 | _aShake-up for housing associations | ||
| 260 | _c2000 | ||
| 490 |
_aFinancial Times _v10 February 2000, 6(1) |
||
| 520 | _aThe Housing Corporation has put forward suggestions for changes in the regulations governing housing associations. The reforms are intended to decrease the regulatory burden on associations and increase flexibility. | ||
| 590 | _aWB | ||
| 650 | _aHOUSING CORPORATION | ||
| 650 | _aHOUSING ASSOCIATIONS | ||
| 650 | _aREFORM | ||
| 650 | _aREGULATIONS | ||
| 650 | _aSTOCK TRANSFERS | ||
| 650 | _aSOCIAL HOUSING | ||
| 690 |
_aAffordable housing _96215 |
||
| 942 | _n0 | ||
| 999 |
_c62487 _d62487 |
||